000
00315nam a2200121 4500
999
_c
9658
_d
9658
003
OSt
005
20211127123107.0
008
211127b ||||| |||| 00| 0 eng d
100
_a
Joseph allenstein F B Pithavadian
245
_a
Diversity in architecture
260
_a
National convention of architecture
942
_2
ddc